Contra los periodistas y otros contras

Shranjeno v:
Bibliografske podrobnosti
Glavni avtor: Kraus, Karl (Author)
Format: Knjiga
Jezik:španščina
Izdano: Madrid Taurus 1981
Serija:Ensayistas, 210
Teme:
Oznake: Označite
Brez oznak, prvi označite!

MARC

LEADER 00000nam a2200000 a 4500
001 UCO4954
003 CL-VaPUC
008 000825e19810000SP |||||||||||||||||spa|d
082 0 4 |a 891.8604  |b KRA  |2 21 
100 |a Kraus, Karl  |e author  |9 449657 
245 1 0 |a Contra los periodistas y otros contras 
300 |a 153 p 
942 |c BK 
945 |d 20000825 00:00:00  |a crobeson 
260 |a Madrid  |b Taurus  |c 1981 
650 7 |a ENSAYOS CHECOESLOVACOS  |2 CL-VaPUC  |9 449658 
650 7 |a LITERATURA CHECOESLOVACA  |2 CL-VaPUC  |9 348950 
583 |a last modification  |c 20000825 00:00:00  |k Rodrigo Vera 
490 0 |a Ensayistas, 210 
999 |c 290913  |d 290911 
952 |0 0  |1 0  |4 0  |6 891_860400000000000_KRA_1981  |7 0  |8 A  |9 340538  |a BIBART  |b BIBART  |d 2019-11-20  |i 1217321  |o 891.8604 KRA 1981  |p 1217321  |r 2025-03-13  |w 2019-11-20  |y BK  |k ART